Представление документа в формате MARC21

Поле Инд. ПП Название Значение
Тип записи a
Библиографический уровень b
001 Контрольный номер RU/IS/BASE/290007378
005 Дата корректировки 20200629065918.0
008 Кодируемые данные 20090310
040 b Код языка каталог. rus
e Правила каталог. PSBO
041 0_ a Код языка текста rus
084 a Индекс другой классификации/Индекс ББК 81.411.2-9; 74.268.19=411.2,9
100 1_ a Автор Николенко Е. Ю.
245 10 a Заглавие Современная информационно-коммуникационная парадигма и прагматические проблемы лингводидактики
b Продолж. заглавия (типы учебных пособий по русскому языку как иностранному)
504 a Библиография Библиогр. - Примеч.: с. 95
650 14 a Основная рубрика дидактика
a Основная рубрика методика преподавания
a Основная рубрика образование
a Основная рубрика общее образование (школьное образование)
a Основная рубрика русский язык
a Основная рубрика филологические науки
a Основная рубрика частное языкознание
a Основная рубрика языкознание
653 0_ a Ключевые слова гипертекст
a Ключевые слова интерактивное обучение
a Ключевые слова информационно-коммуникационные технологии
a Ключевые слова компьютерные технологии
a Ключевые слова лингводидактика
a Ключевые слова преподавание русского языка
a Ключевые слова русский язык как иностранный
a Ключевые слова средства обучения
a Ключевые слова учебно-методический комплекс
a Ключевые слова учебные пособия
773 08 t Заглавие источника Вестник Московского университета. Серия 9, Филология
d Дата издания источника 2008
g Прочая информация № 5. - С. 89 - 95
w Контрольный № источника RU/IS/BASE/288361571
901 t Тип документа b